书目信息 |
| 题名: |
现代设计史演绎
|
|
| 作者: | 徐勤 著 | |
| 分册: | ||
| 出版信息: | 福州 福建美术出版社 2005 |
|
| 页数: | 95页 | |
| 开本: | 19×22cm | |
| 丛书名: | 经典设计解读丛书 | |
| 单 册: | ||
| 中图分类: | J509.1 | |
| 科图分类: | ||
| 主题词: | 设计--工艺美术史--世界--现代 , 设计 , 工艺美术史 | |
| 电子资源: | ||
| ISBN: | 7-5393-1639-X | |
| 000 | 00967oam2 2200277 450 | |
| 001 | 0709000037 | |
| 005 | 20070531111816.39 | |
| 010 | @a7-5393-1639-X@dCNY28.00 | |
| 100 | @a20060114d2005 em y0chiy0110 ea | |
| 101 | 0 | @achi |
| 102 | @aCN@b350000 | |
| 105 | @aa z 000yy | |
| 200 | 1 | @a现代设计史演绎@Axian dai she ji shi yan yi@f徐勤著 |
| 210 | @a福州@c福建美术出版社@d2005 | |
| 215 | @a95页@c图@d19×22cm | |
| 225 | 2 | @a经典设计解读丛书 |
| 304 | @a英文共同题名:Design histories shows | |
| 330 | @a现代设计的历史演变是复杂系统的演变,眼前的设计片断有时候看上去与历史的某个瞬间何其相似,但仔细品读却绝不重复。本书分精神永恒、环境设计的功能、现代产品设计概念、视觉传达的形式演绎四部分论述现代设计史。 | |
| 461 | 0 | @12001 @a经典设计解读丛书 |
| 606 | 0 | @a设计@x工艺美术史@y世界@z现代 |
| 606 | 0 | @a设计 |
| 606 | 0 | @a工艺美术史 |
| 690 | @aJ509.1@v4 | |
| 701 | 0 | @a徐勤@Axu qin@c(女)@4著 |
| 801 | 0 | @aCN@bTAOJIN@c20070531 |
| 905 | @a10447@dJ509.1@e215 | |
| 现代设计史演绎/徐勤著.-福州:福建美术出版社,2005 |
| 95页:图;19×22cm.-(经典设计解读丛书) |
| ISBN 7-5393-1639-X:CNY28.00 |
| 现代设计的历史演变是复杂系统的演变,眼前的设计片断有时候看上去与历史的某个瞬间何其相似,但仔细品读却绝不重复。本书分精神永恒、环境设计的功能、现代产品设计概念、视觉传达的形式演绎四部分论述现代设计史。 |
| ● |
| 相关链接 |
|
|
|
|
正题名:现代设计史演绎
索取号:J509.1/215
 
预约/预借
| 序号 | 登录号 | 条形码 | 馆藏地/架位号 | 状态 | 备注 |
| 1 | 0523849 | 205238492 | 第一样本阅览室/ [索取号:J509.1/215] | 在馆 | |
| 2 | 0523850 | 205238508 | 第一借阅区/ [索取号:J509.1/215] | 在馆 | |
| 3 | 0523851 | 205238517 | 第一借阅区/ [索取号:J509.1/215] | 在馆 |